000
00329nam a2200121 a 4500
005
20141022142000.0
008
080925s19uu xx 00 eng d
050
_a
VHS
_b
TI43 1992
245
_a
Dulaan: an essay on philippine ethnic theater.
650
_a
VHS.
650
_a
An essay on philippine ethnic theater.
942
_c
AVM
999
_c
276202
_d
276202